Corruption in business

Gespeichert in:  
Bibliographische Detailangaben
Beteiligte: Sobel, Lester A. (Herausgegeben von)
Medienart: Druck Buch
Sprache:Englisch
Veröffentlicht: New York, N.Y. Facts on File 1977
In:Jahr: 1977
Bestand in Tübingen:In Tübingen vorhanden.
UB: KB 8 A 122
Verfügbarkeit prüfen: HBZ Gateway
Subito Bestelldienst: Jetzt bestellen.

MARC

LEADER 00000cam a22000002c 4500
001 1093787902
003 DE-627
005 20251224220521.0
007 tu
008 910405s1977 xx ||||| 00| ||eng c
035 |a (DE-627)1093787902 
035 |a (DE-576)023787902 
035 |a (DE-599)BSZ023787902 
035 |a (OCoLC)02850321 
040 |a DE-627  |b ger  |c DE-627  |e rakwb 
041 |a eng 
082 0 |a 364.1 
245 0 0 |a Corruption in business  |c ed. by Lester A. Sobel ... 
264 1 |a New York, N.Y.  |b Facts on File  |c 1977 
300 |a 230 S. 
336 |a Text  |b txt  |2 rdacontent 
337 |a ohne Hilfsmittel zu benutzen  |b n  |2 rdamedia 
338 |a Band  |b nc  |2 rdacarrier 
583 1 |a Archivierung prüfen  |c 20240511  |f DE-640  |z 3  |2 pdager 
700 1 |a Sobel, Lester A.  |e Hrsg.  |4 edt 
951 |a BO 
ELC |b 1 
LOK |0 000 xxxxxcx a22 zn 4500 
LOK |0 001 2162381761 
LOK |0 003 DE-627 
LOK |0 004 1093787902 
LOK |0 005 20020606000000 
LOK |0 008 910405||||||||||||||||ger||||||| 
LOK |0 040   |a DE-21  |c DE-627  |d DE-21 
LOK |0 852   |a DE-21 
LOK |0 852 1  |c KB 8 A 122  |9 00 
LOK |0 935   |a krim 
LOK |0 936ln  |a k10.4.3 
LOK |0 939   |a 05-04-91  |b l01 
ORI |a SA-MARC-krimdoka001.raw 
SIG |a UB: KB 8 A 122